Electricity markets pricing, structures and economics

Saved in:
Bibliographic Details
Main Author: Harris, Chris
Format: Book
Language:English
Published: Chichester John Wiley & Sohn, Ltd. 2006
Series:Wiley finance
Subjects:
Tags: Add Tag
No Tags, Be the first to tag this record!

MARC

LEADER 00000nam$a2200000$$$4500
001 0053847
005 20240312115612.5
020 |a 0-470-01158-0 
020 |a 978-0-470-01158-4 
041 0 |a eng 
044 |a GB 
245 1 0 |a Electricity markets  |b pricing, structures and economics  |c Chris Harris 
264 1 |a Chichester  |b John Wiley & Sohn, Ltd.  |c 2006 
300 |a xvii, 519 s. 
490 1 |a Wiley finance 
830 0 |a Wiley finance 
610 2 0 |a trh energetický 
610 2 0 |a elektrina 
610 2 0 |a ceny 
610 2 0 |a zdroje energetické 
610 2 0 |a energia elektrická 
610 2 0 |a výroba energie 
610 2 0 |a modely cenové 
610 2 0 |a modelovanie 
100 1 |a Harris, Chris